LIBRARY & INFORMATION CENTRE, KCAET, TAVANUR

ONLINE PUBLIC ACCESS CATALOGUE (OPAC)

Applied mathematics, Vol 2 / (Record no. 9836)

MARC details
000 -LEADER
fixed length control field 00489cam a2200193ua 4500
020 ## - INTERNATIONAL STANDARD BOOK NUMBER
ISBN 0-85950-024-1
041 ## - LANGUAGE CODE
Language code of text/sound track or separate title eng
082 ## - DEWEY DECIMAL CLASSIFICATION NUMBER
Classification number 519
Item number BOS/AP
100 ## - MAIN ENTRY--AUTHOR NAME
Personal name Bostock, L .
245 ## - TITLE STATEMENT
Title Applied mathematics, Vol 2 /
250 ## - EDITION STATEMENT
Edition statement 1 /
260 ## - PUBLICATION, DISTRIBUTION, ETC. (IMPRINT)
Place of publication Chelternham :
Name of publisher Stanley Thornes Publishers Ltd ,
Year of publication 1984.
300 ## - PHYSICAL DESCRIPTION
Number of Pages 379 ; .
700 1# - ADDED ENTRY--PERSONAL NAME
Personal name Chandler, S .
942 ## - ADDED ENTRY ELEMENTS (KOHA)
Koha item type Books
Holdings
Withdrawn status Lost status Damaged status Home library Current library Date acquired Full call number Accession Number Koha item type
      KAUAET KAUAET 07/04/2012 519 15896 Books
free website counter